000 00444cam a22001451 4500
040 _cDLC
082 0 0 _a001 BEL 1968 A002 Or.
100 1 _aMendenhall, William.
245 1 0 _aIntroduction to linear models and the design and analysis of experiments.
260 _aBelmont, Calif.,
_bWadsworth Pub. Co.
_c[1968]
300 _axiv, 465 p.
_billus.
_c24 cm.
650 0 _aExperimental design.
650 0 _aLinear models (Statistics)
942 _cEK
999 _c16778
_d16778